| 000 | 00494nam a2200181 i 4500 | ||
|---|---|---|---|
| 001 | 136552 | ||
| 003 | ES-MaACL | ||
| 005 | 20230906195149.0 | ||
| 007 | t| | ||
| 008 | 070214s1981 sp f |||| | spa d | ||
| 100 | 1 |
_aRuz Márquez, José Luis. _9101090 |
|
| 245 | 1 | 0 |
_aAdra _b: siglo XIX / _cJosé Luis Ruz Márquez. |
| 250 | _a1ª ed. | ||
| 260 |
_aAlmería : _bCajal, _c1981. |
||
| 300 |
_a322 p., 28 lám. ; _c24 cm. |
||
| 651 | 4 |
_aAdra- _xHistoria. _9169587 |
|
| 852 |
_aES-MaACL _jL-1283 |
||
| 999 |
_c136552 _d136552 |
||